00318pab a2200121 454500008004000000100001800040245006300058260000900121300001300130362001200143650001800155773002300173180718b2012 xxu||||| |||| 00| 0 eng d aGautam, Richa aGlobalization and governance: Changing nature of the state c2012 ap.74-82. aJul-Dec aGlobalization aReview of Politics